000 00312nam a22001337a 4500
008 171002b xxu||||| |||| 00| 0 eng d
020 _a0131500791
041 _aeng
080 _a37
100 _a47
101 _aEDU
245 _aCOLLEGE READING STRATEGIES FOR SUCCESS
_cKOLZOW.L.V
942 _2udc
_cBK
999 _c31103
_d31103